10 Highest Mountains in USA - Statistics

General Stats
  • This quiz has been taken 37 times
  • The average score is 2 of 10
Answer Stats
Height (m) Answer % Correct
6,190 Denali
100%
5,304 Mount Foraker
17%
5,489 Mount Saint Elias
14%
4,996 Mount Blackburn
9%
5,044 Mount Bona
9%
4,671 Mount Fairweather
9%
4,442 Mount Hunter
9%
4,520 Mount Bear
6%
4,557 Mount Hubbard
6%
4,949 Mount Sanford
3%
No matching quizzes found
Score Distribution
Percent of People with Each Score
Percentile by Number Answered
Your Score History
You have not taken this quiz